All Americans medallists at the 2024 Olympic Games - Statistics

General Stats
  • This quiz has been taken 11 times
  • The average score is 79 of 317
Answer Stats
Sport Event Medal Answer % Correct
Shooting Mixed Skeet teams Silver Austen Smith
78%
Shooting Women's skeet Bronze Austen Smith
78%
Volleyball Men's tournament Bronze David Smith
78%
Swimming Men's 4 x 200 m freestyle relay Silver Kieran Smith
78%
Basketball Men's tournament Gold LeBron James
78%
Swimming Mixed 4 x 100 m relay Gold Regan Smith
78%
Swimming Women's 4 x 100 m medlay relay Gold Regan Smith
78%
Swimming Women's 100 m backstroke Silver Regan Smith
78%
Swimming Women's 200 m butterfly Silver Regan Smith
78%
Swimming Women's 200 m backstroke Silver Regan Smith
78%
Gymanstics Women's artistic team all-around Gold Simone Biles
78%
Gymanstics Women's artistic individual all-around Gold Simone Biles
78%
Gymanstics Woman's vault Gold Simone Biles
78%
Gymanstics Women's floor Silver Simone Biles
78%
Football Women's tournament Gold Sophia Smith
78%
Swimming Men's 4 x 200 m freestyle relay Silver Brooks Curry
67%
Volleyball Men's tournament Bronze Aaron Russell
56%
Basketball Women's tournament Gold A'ja Wilson
56%
Basketball Men's tournament Gold Anthony Davis
56%
Football Women's tournament Gold Casey Murphy
56%
Gymanstics Men's artistic team all-around Bronze Fred Richard
56%
Swimming Women's 1500 m freestyle Gold Katie Ledecky
56%
Swimming Women's 800 m freestyle Gold Katie Ledecky
56%
Swimming Women's 4 x 200 m freestyle relay Silver Katie Ledecky
56%
Swimming Women's 400 m freestyle Bronze Katie Ledecky
56%
Athetics Women's 100 m hurdles Gold Masai Russell
56%
Athetics Men's shotput Gold Noah Lyles
56%
Athetics Men's 100 m Gold Noah Lyles
56%
Athetics Men's 200 m Bronze Noah Lyles
56%
Boxing Men's welterweight Bronze Omari Jones
56%
Athletics Men's 4 x 400 m realy Gold Quincy Wilson
56%
Swimming Mixed 4 x 100 m relay Gold Ryan Murphy
56%
Swimming Men's 4 x 100 medley relay Silver Ryan Murphy
56%
Swimming Men's 100 m backstroke Bronze Ryan Murphy
56%
Athletics Women's 100 m Silver Sha'Carri Richardson
56%
Athetics Women's 4 x 100 m relay Gold Sha'Carri Richardson
56%
Wrestling Men's freestyle 57 kg Silver Spencer Lee
56%
Basketball Men's tournament Gold Stephen Curry
56%
Gymanstics Women's artistic team all-around Gold Sunisa Lee
56%
Gymanstics Women's artistic individual all-around Bronze Sunisa Lee
56%
Gymanstics Women's uneven bars Bronze Sunisa Lee
56%
Basketball Women's tournament Gold Alyssa Thomas
44%
Basketball Men's tournament Gold Anthony Edwards
44%
Swimming Men's 4 x 100 m freestyle relay Gold Caeleb Dressel
44%
Swimming Mixed 4 x 100 m relay Gold Caeleb Dressel
44%
Swimming Men's 4 x 100 medley relay Silver Caeleb Dressel
44%
Athetics Men's 4 x 400 m relay Gold Cristopher Bailey
44%
Athetics Women's 200 m Gold Gabby Thomas
44%
Athetics Women's 4 x 100 m relay Gold Gabby Thomas
44%
Athetics Women's 4 x 400 m relay Gold Gabby Thomas
44%
Athetics Women's triple jump Bronze Jasmine Moore
44%
Athetics Women's long jump Bronze Jasmine Moore
44%
Gymanstics Women's artistic team all-around Gold Jordan Chiles
44%
Basketball Men's tournament Gold Kevin Durant
44%
Swimming Women's 4 x 100 m medlay relay Gold Lilly King
44%
Volleyball Men's tournament Bronze Matt Anderson
44%
Swimming Men's 4 x 100 m freestyle relay Gold Matt King
44%
Athetics Women's 100 m Bronze Melissa Jefferson
44%
Athetics Women's 4 x 100 m relay Gold Melissa Jefferson
44%
Athetics Men's 400 m Gold Quincy Hall
44%
Athetics Women's 400 m hurdles Gold Sydney McLaughlin-Levrone
44%
Athetics Women's 4 x 400 m relay Gold Sydney McLaughlin-Levrone
44%
Gymanstics Men's artistic team all-around Bronze Asher Hong
33%
Swimming Men's 1500 m freestyle Gold Bobby Finke
33%
Swimming Men's 800 m freestyle Silver Bobby Finke
33%
Athetics Women's 200 m Bronze Brittany Brown
33%
Gymanstics Men's artistic team all-around Bronze Brody Malone
33%
Swimming Men's 4 x 200 m freestyle relay Silver Carson Foster
33%
Swimming Men's 400 m individual medley Bronze Carson Foster
33%
Basketball Women's tournament Gold Chelsea Gray
33%
Athetics Men's 110 m hurdles Silver Daniel Roberts
33%
Basketball Men's tournament Gold Derrick White
33%
Athetics Men's 100 m Bronze Fred Kerley
33%
Athletics Men's 5000 m Bronze Grant Fisher
33%
Athetics Men's 110 m hurdles Gold Grant Holloway
33%
Swimming Mixed 4 x 100 m relay Gold Gretchen Walsh
33%
Swimming Women's 4 x 100 m medlay relay Gold Gretchen Walsh
33%
Swimming Women's 100 m butterfly Silver Gretchen Walsh
33%
Gymanstics Women's artistic team all-around Gold Hezly Rivera
33%
Basketball Women's tournament Gold Jackie Young
33%
Gymanstics Women's artistic team all-around Gold Jade Carey
33%
Gymanstics Women's vault Bronze Jade Carey
33%
Basketball Men's tournament Gold Jayson Tatum
33%
Athetics Mixed 4 x 400 m relay Silver Kaylyn Brown
33%
Athetics Women's 4 x 400 m relay Gold Kaylyn Brown
33%
Athetics Men's 200 m Silver Kenny Bednarek
33%
Cycling Women's team pursuit Gold Lily Williams
33%
Football Women's tournament Gold Lynn Williams
33%
Canoeing Women's C-1 200 m Silver Nevin Harrison
33%
Swimming Mixed 4 x 100 m relay Gold Nic Fink
33%
Swimming Men's 100 m breaststroke Silver Nic Fink
33%
Swimming Men's 4 x 100 medley relay Silver Nic Fink
33%
Gymanstics Men's artistic team all-around Bronze Paul Juda
33%
Tennis Men's doubles Silver Rajeev Ram
33%
Basketball Women's 3x3 tournament Bronze Rhyne Howard
33%
Athetics Men's 10,000 m Bronze Ryan Crouser
33%
Rugby sevens Women's tournament Bronze Sammy Sullivan
33%
Gymanstics Men's artistic team all-around Bronze Stephen Nedoroscik
33%
Gymanstics Men's pommel horse Bronze Stephen Nedoroscik
33%
Swimming Women's 100 m butterfly Gold Torri Huske
33%
Swimming Mixed 4 x 100 m relay Gold Torri Huske
33%
Swimming Women's 4 x 100 m medlay relay Gold Torri Huske
33%
Swimming Women's 4 x 100 m freestyle relay Silver Torri Huske
33%
Swimming Women's 100 m freestyle Silver Torri Huske
33%
Athetics Women's 4 x 100 m relay Gold Twanisha Terry
33%
Athetics Women's 4 x 400 m relay Gold Aaliyah Butler
22%
Wrestling Men's freestyle 86 kg Bronze Aaron Brooks
22%
Wrestling Women's freestyle 68 kg Gold Amit Elor
22%
Artistic swimming Team Silver Anita Alvarez
22%
Athetics Women's 400 m hurdles Silver Anna Cockrell
22%
Tennis Men's doubles Silver Austin Krajicek
22%
Basketball Men's tournament Gold Bam Adebayo
22%
Basketball Women's tournament Gold Breanna Stewart
22%
Basketball Women's tournament Gold Brittney Griner
22%
Cycling Women's road time trial Bronze Chloe Dygert
22%
Cycling Women's team pursuit Gold Chloe Dygert
22%
Rowing Men's eight Bronze Clark Dean
22%
Athetics Men's 1500 m Gold Cole Hocker
22%
Rowing Men's eight Bronze Cristhopher Carlson
22%
Football Women's tournament Gold Crystal Dunn
22%
Artistic swimming Team Silver Daniella Ramirez
22%
Basketball Men's tournament Gold Devin Booker
22%
Volleyball Men's tournament Bronze Erik Shoji
22%
Volleyball Men's tournament Bronze Garrett Muagututia
22%
Weightlifting Men's 61 kg Bronze Hampton Morris
22%
Swimming Men's 4 x 100 m freestyle relay Gold Jack Alexy
22%
Swimming Men's 4 x 100 medley relay Silver Jack Alexy
22%
Football Women's tournament Gold Jaedyn Shaw
22%
Skateboarding Men's street Silver Jagger Eaton
22%
Athetics Men's shoput Silver Joe Kovacs
22%
Water polo Men's tournament Bronze Johnny Hooper
22%
Basketball Men's tournament Gold Jrue Holiday
22%
Equestrian Team jumping Silver Karl Cook
22%
Diving Women's synchronized 3 m springboard Silver Kassidy Cook
22%
Swimming Women's 200 m breaststroke Gold Kate Douglass
22%
Swimming Women's 4 x 100 m medlay relay Gold Kate Douglass
22%
Swimming Womeen's 4 x 100 m freestyle relay Silver Kate Douglass
22%
Swimming Women's 200 m individual medley Silver Kate Douglass
22%
Volleyball Women's tournament Silver Kathrym Plummer
22%
Athetics Women's pole vault Silver Katie Moon
22%
Artistic swimming Team Silver Keana Hunter
22%
Basketball Women's tournament Gold Kelsey Plum
22%
Fencing Women's foil Gold Lee Kiefer
22%
Fencing Women's team foil Gold Lee Kiefer
22%
Volleyball Men's tournament Bronze Maxwell Holt
22%
Equestrian Team jumping Silver McLain Ward
22%
Artistic swimming Team Silver Megumi Field
22%
Volleyball Men's tournament Bronze Micah Christenson
22%
Volleyball Men's tournament Bronze Micah Ma'a
22%
Skateboarding Men's street Bronze Nyjah Huston
22%
Weightlifting Women's 71 kg Gold Olivia Reeves
22%
Swimming Women's 4 x 200 m freestyle relay Silver Paige Madden
22%
Swimming Women's 800 m freestyle Bronze Paige Madden
22%
Athetics Women's 4 x 400 m relay Gold Quanera Hayes
22%
Athetics Men's 400 m hurdles Gold Rai Benjamin
22%
Athetics Men's 4 x 400 m relay Gold Rai Benjamin
22%
Athetics Men's pole vault Silver Sam Kendricks
22%
Diving Women's synchronized 3 m springboard Silver Sarah Bacon
22%
Swimming Women's 4 x 100 m freestyle relay Silver Simone Manuel
22%
Swimming Women's 4 x 200 m freestyle relay Silver Simone Manuel
22%
Athetics Women's long jump Gold Tara Davis-Woodhall
22%
Volleyball Men's tournament Bronze Taylor Averill
22%
Tennis Men's doubles Bronze Taylor Fritz
22%
Volleyball Men's tournament Bronze Thomas Jaeschke
22%
Football Women's tournament Gold Tierna Davidson
22%
Volleyball Men's tournament Bronze TJ DeFalco
22%
Tennis Men's doubles Bronze Tommy Paul
22%
Basketball Men's tournament Gold Tyrese Haliburton
22%
Athetics Women's discus throw Gold Valarie Allman
22%
Athetics Men's 1500 m Bronze Yared Nuguse
22%
Swimming Women's 4 x 100 m freestyle relay Silver Abbey Weitzel
11%
Water polo Men's tournament Bronze Adria Weinberg
11%
Rugby sevens Women's tournament Bronze Alena Olsen
11%
Rugby sevens Women's tournament Bronze Alev Kelter
11%
Water polo Men's tournament Bronze Alex Bowen
11%
Athetics Women's 4 x 400 m relay Gold Alexis Holmes
11%
Water polo Men's tournament Bronze Alex Obert
11%
Swimming Women's 4 x 200 m freestyle relay Silver Alex Shackel
11%
Football Women's tournament Gold Alyssa Naeher
11%
Volleyball Women's tournament Silver Andrea Drews
11%
Swimming Women's 4 x 200 m freestyle relay Silver Anne Peplowski
11%
Athetics Women's hammer throw Silver Annette Echikunwoke
11%
Rugby sevens Women's tournament Bronze Ariana Ramsey
11%
Artistic swimming Team Silver Audrey Kwon
11%
Volleyball Women's tournament Silver Avery Skinner
11%
Water polo Men's tournament Bronze Ben Hallock
11%
Swimming Men's 4 x 200 m freestyle relay Silver Blake Pieroni
11%
Archery Men's individual Silver Brady Ellison
11%
Sport climbing Women's combined Silver Brooke Raboutou
11%
Athetics Mixed 4 x 400 m relay Silver Bryce Deadmon
11%
Athetics Men's 4 x 400 m relay Gold Bryce Deadmon
11%
Surfing Women's shortboard Gold Caroline Marks
11%
Archery Mixed team Bronze Casey Kaufhold
11%
Football Women's tournament Gold Casey Krueger
11%
Swimming Mixed 4 x 100 m relay Gold Charlie Swanson
11%
Swimming Men's 4 x 100 medley relay Silver Charlie Swanson
11%
Water polo Men's tournament Bronze Chase Dodd
11%
Volleyball Women's tournament Silver Chiaka Ogbogu
11%
Swimming Men's 4 x 100 m freestyle relay Gold Chris Guiliano
11%
Swimming Men's 4 x 200 m freestyle relay Silver Chris Guiliano
11%
Swimming Women's 4 x 200 m freestyle relay Silver Claire Weinstein
11%
Shooting Men's skeet Silver Conner Prince
11%
Rowing Men's eight Bronze Cristian Tabash
11%
Football Women's tournament Gold Croix Bethune
11%
Volleyball Women's tournament Silver Dana Rettke
11%
Basketball Women's 3x3 tournament Bronze Dearica Hamby
11%
Basketball Women's tournament Gold Diana Taurasi
11%
Water polo Men's tournament Bronze Drew Holland
11%
Swimming Men's 4 x 200 m freestyle relay Silver Drew Kibler
11%
Water polo Men's tournament Bronze Dylan Woodhead
11%
Football Women's tournament Gold Emily Fox
11%
Football Women's tournament Gold Emily Sams
11%
Football Women's tournament Gold Emily Sonnett
11%
Swimming Women's 4 x 100 m medlay relay Gold Emma Weber
11%
Swimming Women's 400 m individual medley Bronze Emma Weyant
11%
Swimming Women's 4 x 100 m freestyle relay Silver Erike Connolly
11%
Swimming Women's 4 x 200 m freestyle relay Silver Erin Gemmel
11%
Rowing Men's eight Bronze Evan Olson
11%
Canoeing Women's slalom C-1 Bronze Evy Leibfarth
11%
Basketball Women's 3x3 tournament Bronze Hailey Van Lith
11%
Volleyball Women's tournament Silver Haleigh Washington
11%
Cycling Women's cross-country Silver Haley Batten
11%
Water polo Men's tournament Bronze Hannes Daube
11%
Sailing 49er Bronze Hans Henken
11%
Wrestling Women's freestyle 57 kg Bronze Helen Maroulis
11%
Rowing Men's eight Bronze Henry Hollingsworth
11%
Swimming Men's 4 x 100 m freestyle relay Gold Hunter Armstrong
11%
Swimming Men's 4 x 100 medley relay Silver Hunter Armstrong
11%
Sailing 49er Bronze Ian Barrows
11%
Rugby sevens Women's tournament Bronze Ilona Maher
11%
Artistic swimming Team Silver Jacklyn Luu
11%
Fencing Women's team foil Gold Jacqueline Dubrovich
11%
Artistic swimming Team Silver Jamie Czarkowski
11%
Volleyball Men's tournament Bronze Jeffrey Jendryk
11%
Football Women's tournament Gold Jenna Nighswonger
11%
Cycling Women's team pursuit Gold Jennifer Valente
11%
Cycling Women's omnium Gold Jennifer Valente
11%
Basketball Women's tournament Gold Jewell Loyd
11%
Volleyball Women's tournament Silver Jordan Larson
11%
Volleyball Women's tournament Silver Jordyn Poulter
11%
Rowing Men's four Gold Justin Best
11%
Volleyball Women's tournament Silver Justine Wong-Orantes
11%
Basketball Women's tournament Gold Kaleah Copper
11%
Swimming Women's 4 x 100 m medlay relay Gold Katharine Berkoff
11%
Swimming Women's 100 m backstroke Bronze Katherine Berkoff
11%
Swimming Women's 400 m individual medley Silver Katie Grimes
11%
Rugby sevens Women's tournament Bronze Kayla Canett
11%
Wrestling Women's freestyle 76 kg Silver Kennedy Blades
11%
Athetics Men's 3000 m steeplechase Silver Kenneth Rooks
11%
Football Women's tournament Gold Korbin Albert
11%
Cycling Women's individual road race Gold Kristen Faulkner
11%
Cycling Women's team pursuit Gold Kristen Faulkner
11%
Taekwondo Women's 67 kg Bronze Kristina Teachout
11%
Wrestling Men's freestyle 74 kg Bronze Kyle Dake
11%
Equestrian Team jumping Silver Laura Kraut
11%
Volleyball Women's tournament Silver Lauren Carlini
11%
Rugby sevens Women's tournament Bronze Lauren Doyle
11%
Fencing Women's foil Silver Lauren Scruggs
11%
Fencing Women's team foil Gold Lauren Scruggs
11%
Rowing Men's four Gold Liam Corrigan
11%
Football Women's tournament Gold Lindsey Horan
11%
Water polo Men's tournament Bronze Luca Cupido
11%
Swimming Men's 4 x 200 m freestyle relay Silver Luke Hobson
11%
Swimming Men's 200 m freestyle Bronze Luke Hobson
11%
Fencing Women's team foil Gold Maia Weintraub
11%
Football Women's tournament Gold Mallory Swanson
11%
Water polo Men's tournament Bronze Marko Vavic
11%
Water polo Men's tournament Bronze Max Irving
11%
Rowing Men's four Gold Michael Grady
11%
Volleyball Women's tournament Silver Micha Hancock
11%
Triathalon Mixed relay Silver Morgan Pearson
11%
Football Women's tournament Gold Naomi Girma
11%
Basketball Women's tournament Gold Napheesa Collier
11%
Rugby sevens Women's tournament Bronze Naya Tapper
11%
Rowing Men's eight Bronze Nicholas Rusher
11%
Fencing Men's foil Bronze Nick Itkin
11%
Rowing Men's four Gold Nick Mead
11%
Cycling Woman's BMX freestyle Silver Perris Benegas
11%
Rowing Men's eight Bronze Peter Chatain
11%
Rowing Men's eight Bronze Pieter Quinton
11%
Rowing Men's eight Bronze Rielly Milne
11%
Football Women's tournament Gold Rose Lavelle
11%
Artistic swimming Team Silver Ruby Remati
11%
Swimming Men's 4 x 100 m freestyle relay Gold Ryan Held
11%
Water polo Men's tournament Bronze Ryder Dodd
11%
Basketball Women's tournament Gold Sabrina Ionescu
11%
Shooting Women's 50 rifle three positions Silver Sagen Maddalena
11%
Football Women's tournament Gold Sam Coffey
11%
Sport climbing Men's speed Bronze Sam Watson
11%
Rugby sevens Women's tournament Bronze Sarah Levy
11%
Golf Men's individual Gold Scottie Scheffler
11%
Triathalon Mixed relay Silver Seth Rider
11%
Athetics Mixed 4 x 400 m relay Silver Shamier Little
11%
Athetics Women's 4 x 400 m relay Gold Shamier Little
11%
Athletics Men's high jump Silver Shelby McEwen
11%
Rugby sevens Women's tournament Bronze Spiff Sedrick
11%
Rugby sevens Women's tournament Bronze Stephanie Rovetti
11%
Triathalon Mixed relay Silver Taylor Knibb
11%
Triathalon Mixed relay Silver Taylor Spivey
11%
Swimming Men's 4 x 100 medley relay Silver Thomas Heilman
11%
Skateboarding Men's park Silver Tom Schaar
11%
Football Women's tournament Gold Trinity Rodman
11%
Athetics Mixed 4 x 400 m relay Silver Vernon Norwood
11%
Athetics Men's 4 x 400 m relay Gold Vernon Norwood
11%
Shooting Men's skeet Gold Vincent Hancock
11%
Shooting Mixed skeet teams Silver Vincent Hancock
11%
Swimming Mixed 4 x 100 m relay Gold Abbey Weitzeil
0%
Swimming Women's 4 x 100 m medlay relay Gold Alex Shackell
0%
Archery Mixed team Bronze Brady Elison
0%
Basketball Women's 3x3 tournament Bronze Cierra Burdrick
0%
Swimming Women's 4 x 100 m freestyle relay Silver Gretchen Walch
0%
Basketball Men's tournament Gold Joel Emblid
0%
Volleyball Women's tournament Silver Jordan Thompsom
0%
Volleyball Women's tournament Silver Kelsey Rbinson
0%
Rugby sevens Women's tournament Bronze Kristi Kirshe
0%
Wrestling Women's freestyle 50 kg Gold Sarah Hidlebrant
0%
Breaking B-Boys Bronze Victor Montalvo
0%
No matching quizzes found
Score Distribution
Percent of People with Each Score
Percentile by Number Answered
Your Score History
You have not taken this quiz